000 01111cam a2200349 i 4500
001 768714001
003 CO-MdFUSB
005 20210921160321.0
007 ta
008 841129t19791979miu b 000 0 engm
020 _a0310220106
040 _cCO-MdFUSB
_aCO-MdFUSB
_bspa
_dCO-MdFUSBC
_erda
041 _aeng
082 _223
_a220.7
_bN532
090 _aBS491.2
245 0 4 _aThe New layman's Bible commentary in one volume
_c/ editado por G. C. D. Howley , F. F. Bruce , H. L. Ellison.
264 1 _aGrand Rapids, Mich. :
_bZondervan,
_c[1979]
264 4 _c©1979.
300 _a1.712 páginas ;
_c24 cm.
336 _asonidos
_btxt
_2rdacontent.
337 _asin mediación
_bn
_2rdamedia.
338 _avolumen
_bnc
_2rdacarrier.
504 _aIncluye bibliografía
563 _aTapa dura
630 0 7 _aBiblia
_vComentarios
700 1 _aHowley, G. C. D.
_q(George Cecil Douglas)
_eeditor
700 1 _aBruce, F. F.
_q(Frederick Fyvie),
_d1910-1990.
_eeditor
700 1 _aEllison, H. L.
_q(Henry Leopold),
_d1903-
_eeditor
942 _cBK
945 _aJTF-925
999 _c66848
_d66848